000 01250nam a22001937a 4500
999 _c58995
_d58995
003 Ge_BSU
005 20221027164540.0
008 221027s2000 ge ||||| |||| 00| 0 geo d
020 _a9992881127
041 _ageo
080 _a338(479.22) ს-32
245 _aსაქართველოს ეკონომიკა XXI საუკუნის კარიბჭესთან :
_bპრობლემები, პერსპექტივები : სამეცნ.-პრაქტ. კონფერ. მასალები, 2000 წლის 17 მაისი : [კრებული]
_c თსუ, საქ. ეკონომისტთა საზ-ბა, საქ. ეკონ. მეცნ. აკადემია ; [სარედ. კოლ.: ელგუჯა მექვაბიშვილი (რედ.) და სხვ.].
264 _aთბილისი :
_bსიახლე,
_c2000.
300 _a114 გვ. ;
_b20 სმ.
653 _aსაქართველოს ეკონომიკა
700 _aმექვაბიშვილი, ელგუჯა
_eრედაქტორი
_915610
710 _aთბილისის უნ-ტი
_915611
942 _2udc
_cBK